000 00570nam a2200217Ia 4500
003 OSt
005 20230623154137.0
008 210423s2011 xx 000 0 und d
020 _a978-81-909416-1-7
040 _cAL
041 _aeng
082 _a820.954 DWIL
100 _aDWIVEDI (Om Prakash)
_9111752
245 _aLiterature of the Indian diaspora
260 _aNew Delhi
_bPencraft international
_c2011
300 _a199
_bHB
365 _b550
_cINR
650 _aEnglish Criticism
_9111753
906 _adiaspora ; Indian ; Literature
942 _2ddc
_cBK
999 _c167989
_d167989